00245nam a2200085Ia 4500008004100000100004400041245003900085260002600124300000900150190216s9999||||xx |||||||||||||| ||und|| a"Brijlal, Subrahmanyam, Katiyar, Arora" 0aMedical Entrance Examination Guide bEurasia Pub-Ltdc1991 a856p